000 01172nam a22003257a 4500
003 EG-GICUC
005 20260121101156.0
008 251107s2001 ua ||||fr|||| 00| 0 ara d
040 _a EG-GICUC
_bara
_c EG-GICUC
_d EG-GICUC
_erda
041 _aara
082 0 4 _221
_a343.33
_bع ل . ض
092 0 4 _221
099 _aLaw1 10 343.33 1 ed - 2001
100 0 _aعلى حموده
_eمؤلف.
245 _aضوابط الإرتباط بين وقائع الدعوى الجنائية والحكم الصادر فيها /
_cعلى حموده
250 _aالطبعة الأولى
264 _aالقاهرة :
_bدار النهضة العربية ,
_c2001.
300 _a108 صفحة;
_c24 سم
336 _2rda content
_atext
337 _2rda media
_aComputer
338 _2rda carrier
_aOnline Resource
504 _aيتضمن على قائمة مراجع
546 _aالنص باللغة العربية
650 1 _aقانون جنائي
650 1 _aالدعوى الجنائية
650 1 _aالدعوى العمومية
856 4 0 _uhttps://fll.law.cu.edu.eg/fulltext/bks/B10-05597.pdf
905 _a44
_eYara
942 _2ddc
_cBK
_e21
_n0
999 _c41690
_d41690